00550nam a2200181Ia 4500008004100000020001800041082002500059100001800084100002800102245010500130260004600235260002000281260000900301300001000310650001000320650002300330650001500353260428s9999 xx 000 0 und d a9789561423398 a390.0983 D723c 2018  aDosque, Pedro aValente, José Tomás 0aDel centenario a los chilennials: 100 años de transformaciones y 25 tendencias que cambiaron Chile aEdiciones Universidad Católica de Chile bSantiago, Chile c2018 a272p. aChile aIdentidad cultural aTendencias